[Event "Athens Panionios 1st"]
[Site "Athens"]
[Date "2013.02.16"]
[Round "3.9"]
[White "Patiniotis Spiropoulos, Dimitrio"]
[Black "Koutsidi, Amalia"]
[Result "1/2-1/2"]
[WhiteElo "1358"]
[BlackElo "1380"]
[PlyCount "55"]
[EventDate "2013.02.02"]
[EventType "swiss"]
[EventRounds "7"]
[EventCountry "GRE"]
[SourceTitle "EXT 2024"]
[Source "ChessBase"]
[SourceDate "2023.10.10"]
[SourceVersion "1"]
[SourceVersionDate "2023.10.10"]
[SourceQuality "1"]

1. Nf3 Nf6 2. c4 c5 3. g3 g6 4. Bg2 Bg7 5. Nc3 0-0 6. 0-0 Nc6 7. a3 d6 8. Rb1 Bf5 9. d3 a6 10. b4 cxb4 11. axb4 Ng4 12. Nd5 Nge5 13. Nxe5 Nxe5 14. Ne3 Bc8 15. Bb2 Rb8 16. f4 Nc6 17. Bxg7 Kxg7 18. Nc2 Qb6+ 19. e3 Bf5 20. h3 h5 21. g4 hxg4 22. hxg4 Bd7 23. d4 Rh8 24. g5 Rh4 25. d5 Nd8 26. Qd4+ Qxd4 27. Nxd4 Rc8 28. Rbc1 1/2-1/2